Taylor Swift - Paroles Hits Different - Statistiques

Statistiques générales
  • Ce quiz a été pris 68 fois
  • Le résultat moyen est 370 sur 449
Statistiques - réponses
Hint Réponse % Correct
Bridge | Couplet 1 | Couplet 2 | Couplet 3 I
100%
a
97%
A
97%
different
97%
different)
97%
hits
97%
Hits
97%
is
97%
Is
97%
It
97%
it
97%
(it
97%
love
97%
'cause
95%
('Cause
95%
'Cause
95%
me
95%
my
95%
my,
95%
(my
95%
on
95%
the
95%
this
95%
This
95%
time
95%
You
95%
you
95%
you)
95%
you?
95%
do
92%
for
92%
in
92%
In
92%
it's
92%
lie
92%
was
92%
easy
90%
Refrain Oh
90%
Outro Oh,
90%
to
90%
To
90%
by
87%
Catastrophic
87%
girl
87%
of
87%
that
87%
always
85%
an
85%
blues
85%
your
85%
friends
82%
get
82%
girls
82%
Movin'
82%
other
82%
with
82%
and
79%
And
79%
club
79%
cry
79%
cry)
79%
never
79%
say
79%
so
79%
Then
79%
then
79%
were
79%
at
77%
believed
77%
don't
77%
Don't
77%
dream
77%
mess
77%
Shit
77%
up
77%
us
77%
felt
74%
hair
74%
hands
74%
(no,
74%
pictured
74%
take
74%
threw
74%
world,
74%
world
74%
away?
72%
away
72%
enough
72%
heard
72%
just
72%
made
72%
once
72%
one
72%
our
72%
street
72%
They
72%
they
72%
while
72%
come
69%
Dreams
69%
have
69%
held
69%
kill
69%
Like
69%
like
69%
off
69%
song
69%
Yeah,
69%
(yeah)
69%
bar
67%
bus
67%
door
67%
door?
67%
Each
67%
ever
67%
hallway
67%
key
67%
loved
67%
need
67%
Nothing
67%
okay?
67%
out
67%
plays
67%
start
67%
washed
67%
Why
67%
why
67%
bleedin'
64%
eyes
64%
feelings
64%
good
64%
has
64%
if
64%
needed
64%
right,
64%
sadness
64%
simple
64%
turn
64%
waiting
64%
walkin'
64%
wrong
64%
contagious
62%
contagious)
62%
cried
62%
guy
62%
know
62%
make
62%
sense
62%
shows
62%
still
62%
switch
62%
coast
59%
down
59%
find
59%
hurts
59%
I'd
59%
invitations
59%
main
59%
Or
59%
over
59%
receiving
59%
sand
59%
some
59%
stopped
59%
summer
59%
used
59%
wound
59%
could
56%
evidence,
56%
metaphor,
56%
Now
56%
asshole
54%
belief
54%
burns
54%
car
54%
ghost
54%
hat
54%
heart
54%
outlaw
54%
puts
54%
space
54%
sun
54%
town
54%
Argumentative,
51%
name
51%
Rip
51%
shouldn't
51%
skip
51%
someone
51%
these
51%
'til
51%
trace
51%
another
49%
Freedom
49%
artifacts,
46%
Cursed
46%
antithetical
44%
melt
44%
slur
44%
Band-Aid
41%
Kens,
41%
stare
41%
wrinkle
41%
Bet
33%
crease
33%
Aucun quiz correspondant
Distribution des résultats
% des personnes avec chaque résultat
Percentile par nombre de réponses
Votre historique - résultats
Vous n’avez pas pris ce quiz